00321nam a2200121Ia 4500008004100000041000800041082001300049100001300062245006500075260003700140300000900177700001300186230125s9999 xx 000 0 und d aeng a657bKUL aKulkurni aCo-operative law and other lawbSahakari Kayda Va Etar Kayde c2003bPragati publicationsaPune a122p aKulkurni